| 000 | 00402nam a2200145Ia 4500 | ||
|---|---|---|---|
| 008 | 151213s9999 xx 000 0 und d | ||
| 100 | _aMd. Afzalur Rashid & Aminul Islam | ||
| 245 |
_aBasic Accounting _cMd. Afzalur Rashid & Aminul Islam |
||
| 260 |
_aDhaka _bVenus |
||
| 300 | _a1181 p. | ||
| 650 | _aAccounting | ||
| 650 | _aAccounting | ||
| 700 | _aMd. Afzalur Rashid & Aminul Islam | ||
| 999 |
_c1058 _d1058 |
||